MARC

LEADER 00000nam^a2200000^a^4500
001 000184515
005 20250521000000.0
009 20260310102119.435
020 |a 970-727-042-X 
037 |a Acervo ITESO - Biblioteca 
041 |a ESP 
082 |a 320. 9720711  |b CAM 
100 |a Camacho Quiroz, César Octavio  |e (autor) 
245 1 0 |a Posiciones en la coyuntura /  |c C.O Camacho Quiroz. 
264 |a México :  |b Congreso de la Unión, Cámara de Senadores, LIX Legislatura,  |c 2004 
300 |a 242 p. 
336 |a texto  |b txt  |2 rdacontenido 
337 |a sin mediación  |b n  |2 rdamedio 
338 |a volumen  |b nc  |2 rdasoporte 
649 |a XX 
650 |a Jefes de Estado Mexicanos 
650 |a Políticos Mexicanos 
650 |a Mujeres -  |z México -  |x Condiciones Jurídicas 
650 |a Guerra de Chiapas, 1994 
650 |a Terrorismo 
650 |a Conflictos Regionales -  |z México 
650 |a Negociación y Mediación Política -  |z México 
650 |a Participación Política -  |z México 
650 |a Movimientos Políticos -  |z México 
650 |a Pacifismo -  |z México 
650 |a Seguridad Nacional -  |z México 
650 |a Seguridad Internacional 
650 |a Partido Revolucionario Institucional -  |z México 
650 |a Partido de la Revolución Democrática -  |z México 
650 |a Partido Acción Nacional -  |z México 
650 |a Partidos Políticos -  |z México 
650 |a Corrupción -  |z México 
650 |a Reforma Jurídica -  |z México 
650 |a Federalismo -  |z México 
650 |a Comunicación y Política -  |z México 
650 |a Política Indigenista -  |z México 
650 |a Derecho Indígena -  |z México 
650 |a Derecho a la Salud -  |z México 
650 |a Derechos Humanos -  |z México 
650 |a Administración Pública -  |z México 
650 |a Congreso de la Unión -  |z México -  |x Administración 
650 |a Política -  |z México -  |x Historia -  |y 2000-2006 
650 |a México -  |x Condiciones Políticas 
650 |a Fox Quesada, Vicente 
910 |a Fondo General 
920 |a Impresos - Libros 
930 |a Colección General 
905 |a 101 
901 |a 0500125441  |b IT1  |c ACC  |u 20250521 
902 |a https://opac.biblio.iteso.mx/vufind/Record/000184515